|
|
|
|
| LEADER |
00000cam a2200000 7i4500 |
| 001 |
0000008577 |
| 005 |
20220829093000.0 |
| 008 |
021119n |
| 020 |
|
|
|a 9971404168
|
| 090 |
0 |
0 |
|a PE1146
|b .T5 1982
|
| 245 |
0 |
0 |
|a Times Chambers spell well
|c compiled by E. M. Kirkpatrick and C. M. Schwarz
|
| 260 |
2 |
|
|a Singapore :
|b Federel Publications ;
|a Edinburgh :
|b W & R Chambers ,
|c 1982
|
| 300 |
|
|
|a 247 p. ; ;
|c 15 x 11 cm.
|
| 650 |
|
0 |
|a English language
|v Glossaries, vocabularies, etc.
|
| 650 |
|
0 |
|a English language
|x Orthography and spelling
|
| 650 |
|
0 |
|a Spellers
|
| 700 |
0 |
|
|a Kirkpatrick, E. M. ,
|e author
|
| 700 |
0 |
|
|a Schwarz, C. M. ,
|e author
|
| 999 |
|
|
|a 1000042252
|b Book
|c Reference
|e Gong Badak Campus
|